STM and professional new titles : September - December 2004
保存先:
| フォーマット: | 図書 |
|---|---|
| 言語: | Undetermined |
| 出版事項: |
London
Taylor & Francis
2004
|
| 主題: | |
| タグ: |
タグ追加
タグなし, このレコードへの初めてのタグを付けませんか!
|
| Thư viện lưu trữ: | Trung tâm Học liệu Trường Đại học Cần Thơ |
|---|
| LEADER | 00449nam a2200169Ia 4500 | ||
|---|---|---|---|
| 001 | CTU_69348 | ||
| 008 | 210402s9999 xx 000 0 und d | ||
| 082 | |a 016 | ||
| 082 | |b S775 | ||
| 245 | 0 | |a STM and professional new titles : | |
| 245 | 0 | |b September - December 2004 | |
| 260 | |a London | ||
| 260 | |b Taylor & Francis | ||
| 260 | |c 2004 | ||
| 650 | |a Book catalogs | ||
| 904 | |i Mai Loan | ||
| 980 | |a Trung tâm Học liệu Trường Đại học Cần Thơ | ||